[Event "Mittelfrank Regionalliga Nord-West 2122"]
[Site "Mittelfranken"]
[Date "2022.03.20"]
[Round "4.4"]
[White "Ziegler, Johannes"]
[Black "Sendner, Markus"]
[Result "1-0"]
[WhiteElo "1878"]
[BlackElo "1866"]
[PlyCount "57"]
[EventDate "2021.10.24"]
[EventType "team-tourn"]
[EventRounds "9"]
[EventCountry "GER"]
[SourceTitle "EXT 2024"]
[Source "ChessBase"]
[SourceDate "2023.10.10"]
[SourceVersion "1"]
[SourceVersionDate "2023.10.10"]
[SourceQuality "1"]
[WhiteTeam "Wuerzburg II"]
[BlackTeam "Kitzingen"]
[WhiteTeamCountry "GER"]
[BlackTeamCountry "GER"]

1. e4 c6 2. d4 d5 3. exd5 cxd5 4. c4 Nc6 5. Nc3 Nf6 6. Bf4 a6 7. c5 g6 8. Nf3 Bg7 9. h3 0-0 10. Be2 Ne4 11. 0-0 Bf5 12. Na4 Re8 13. Nb6 Ra7 14. Rc1 e5 15. dxe5 Nxc5 16. Nxd5 Ne4 17. Be3 Ra8 18. Bb6 Qd7 19. Nc7 Nxe5 20. Nxa8 Rxa8 21. Rc7 Qe6 22. Rxb7 Qxa2 23. Ra7 Nxf3+ 24. Bxf3 Rxa7 25. Bxa7 Bxb2 26. Bxe4 Bxe4 27. Qd8+ Kg7 28. Bd4+ Kh6 29. Qh4# 1-0

[Event "Regionalliga Nord-West 1819"]
[Site "Bayern"]
[Date "2019.02.03"]
[Round "6.6"]
[White "Schwarzmann, Holger"]
[Black "Ziegler, Johannes"]
[Result "1-0"]
[WhiteElo "1807"]
[BlackElo "1853"]
[PlyCount "93"]
[EventDate "2018.10.21"]
[EventType "team-tourn"]
[EventRounds "9"]
[EventCountry "GER"]
[SourceTitle "EXT 2022"]
[Source "ChessBase"]
[SourceDate "2021.10.06"]
[SourceVersion "1"]
[SourceVersionDate "2021.10.06"]
[SourceQuality "1"]
[WhiteTeam "Hoechstadt/Aisch"]
[BlackTeam "Wuerzburg II"]
[WhiteTeamCountry "GER"]
[BlackTeamCountry "GER"]

1. d4 Nf6 2. Nf3 d5 3. c3 e6 4. Bg5 Be7 5. e3 c5 6. Bd3 Nbd7 7. Nbd2 h6 8. Bxf6 Nxf6 9. Ne5 0-0 10. 0-0 c4 11. Bc2 b5 12. a3 Bb7 13. f4 a5 14. f5 exf5 15. Bxf5 Qd6 16. Qf3 Bc8 17. e4 Be6 18. Bxe6 Qxe6 19. Rae1 Bd6 20. exd5 Qxd5 21. Ne4 Nxe4 22. Rxe4 Ra7 23. Re3 Qxf3 24. Rfxf3 Re8 25. Nc6 Rxe3 26. Rxe3 Ra6 27. Re8+ Kh7 28. Ne5 f6 29. Ng4 Kg6 30. Ne3 Kf7 31. Rc8 g6 32. g3 f5 33. Kf2 f4 34. Ng2 fxg3+ 35. hxg3 Kf6 36. Kf3 h5 37. Ne3 g5 38. Rh8 Kg6 39. a4 Rb6 40. Ra8 Bc7 41. Nd5 Rb7 42. Nxc7 Rxc7 43. axb5 Kf5 44. b6 g4+ 45. Kf2 Rb7 46. Rxa5+ Ke4 47. Ke2 1-0

[Event "Unterfranken-ch HA 58th"]
[Site "Wuerzburg"]
[Date "2007.04.13"]
[Round "7"]
[White "Dittmaier, Andreas"]
[Black "Ziegler, Johannes"]
[Result "1-0"]
[WhiteElo "1597"]
[BlackElo "1650"]
[PlyCount "77"]
[EventDate "2007.04.09"]
[EventType "swiss"]
[EventRounds "9"]
[EventCountry "GER"]
[SourceTitle "EXT 2015"]
[Source "ChessBase"]
[SourceDate "2014.11.20"]
[SourceVersion "1"]
[SourceVersionDate "2014.11.20"]
[SourceQuality "1"]

1. d4 d5 2. e4 c6 3. c4 dxe4 4. Nc3 Bf5 5. f3 exf3 6. Qxf3 e6 7. Be3 Nf6 8. Rd1 Bg4 9. Qf4 Bxd1 10. Kxd1 Bd6 11. Qg5 Nbd7 12. Nf3 Qc7 13. Bd3 0-0-0 14. c5 Bf8 15. b4 h6 16. Qh4 Nxc5 17. bxc5 Bxc5 18. Ke2 Ba3 19. Rb1 g5 20. Qf2 Ng4 21. Qg1 Nxe3 22. Qxe3 Qf4 23. Qg1 g4 24. Ne5 Rhf8 25. Ne4 h5 26. Rf1 Qh6 27. Nxf7 Qg7 28. Nxd8 Kxd8 29. Rxf8+ Bxf8 30. Qe3 Kd7 31. Ng5 Qf6 32. Bc4 Bd6 33. g3 e5 34. Ne4 Qg6 35. Nxd6 exd4 36. Qxd4 Qc2+ 37. Ke3 Qc1+ 38. Ke4 Qc2+ 39. Ke5 1-0

[Event "Unterfranken-ch HA 58th"]
[Site "Wuerzburg"]
[Date "2007.04.13"]
[Round "8"]
[White "Susallek, Daniela"]
[Black "Ziegler, Johannes"]
[Result "0-1"]
[WhiteElo "1319"]
[BlackElo "1650"]
[PlyCount "100"]
[EventDate "2007.04.09"]
[EventType "swiss"]
[EventRounds "9"]
[EventCountry "GER"]
[SourceTitle "EXT 2015"]
[Source "ChessBase"]
[SourceDate "2014.11.20"]
[SourceVersion "1"]
[SourceVersionDate "2014.11.20"]
[SourceQuality "1"]

1. e4 e6 2. d4 d5 3. exd5 exd5 4. Bf4 Bd6 5. Bxd6 Qxd6 6. Bd3 Ne7 7. Nd2 Bf5 8. Bxf5 Nxf5 9. Ne2 Nc6 10. c3 0-0-0 11. 0-0 h5 12. Ng3 Nce7 13. Qf3 g6 14. Nxf5 Nxf5 15. Rae1 Rde8 16. Qh3 Kb8 17. Nf3 f6 18. Nh4 Nxh4 19. Qxh4 Qd8 20. Re3 Rxe3 21. fxe3 f5 22. Qxd8+ Rxd8 23. Kf2 Re8 24. Re1 Kc8 25. h4 Kd7 26. g3 Re6 27. Rf1 Ra6 28. Ra1 Re6 29. Re1 a5 30. a4 Kc6 31. Rb1 Kd7 32. Ra1 Rb6 33. Rb1 Rb3 34. Ke2 Ke7 35. Kd2 Kf6 36. Kc2 Rb6 37. Rf1 g5 38. Rf2 Re6 39. Kd2 Re4 40. hxg5+ Kxg5 41. Rg2 Kg4 42. Ke2 Kh3 43. Kf3 Rxe3+ 44. Kxe3 Kxg2 45. Kf4 Kf2 46. b3 Kg2 47. c4 c6 48. c5 Kf2 49. Kxf5 Kxg3 50. Kg5 h4 0-1

[Event "Unterfranken-ch HA 58th"]
[Site "Wuerzburg"]
[Date "2007.04.10"]
[Round "3"]
[White "Ziegler, Johannes"]
[Black "Flach, Manuel"]
[Result "1-0"]
[WhiteElo "1650"]
[BlackElo "1515"]
[PlyCount "73"]
[EventDate "2007.04.09"]
[EventType "swiss"]
[EventRounds "9"]
[EventCountry "GER"]
[SourceTitle "EXT 2015"]
[Source "ChessBase"]
[SourceDate "2014.11.20"]
[SourceVersion "1"]
[SourceVersionDate "2014.11.20"]
[SourceQuality "1"]

1. c4 c5 2. Nc3 Nc6 3. g3 g6 4. Bg2 Bg7 5. e4 e6 6. Nge2 Nge7 7. 0-0 0-0 8. d3 a6 9. Be3 Nd4 10. Qd2 b6 11. Bh6 Bb7 12. Nxd4 cxd4 13. Ne2 e5 14. Bxg7 Kxg7 15. f4 d6 16. h3 f5 17. g4 fxe4 18. dxe4 Rc8 19. fxe5 dxe5 20. Rxf8 Qxf8 21. Rf1 Qe8 22. b3 b5 23. cxb5 Qxb5 24. Qg5 Ng8 25. Ng3 Rc2 26. Nf5+ Kh8 27. Nd6 Rxg2+ 28. Kxg2 Bxe4+ 29. Kg1 Qd5 30. Nf7+ Kg7 31. Qxe5+ Qxe5 32. Nxe5 Bc2 33. Rf7+ Kh6 34. Rd7 Kg5 35. Rxd4 Kh4 36. Kh2 Nf6 37. Nf3# 1-0

[Event "Regionalliga NW 0506"]
[Site "Bayern"]
[Date "2005.10.23"]
[Round "1.8"]
[White "Gutzeit, Kurt"]
[Black "Ziegler, Johannes"]
[Result "1/2-1/2"]
[WhiteElo "1925"]
[BlackElo "1652"]
[PlyCount "89"]
[EventDate "2005.10.23"]
[EventType "team-tourn"]
[EventRounds "9"]
[EventCountry "GER"]
[SourceTitle "EXT 2007"]
[Source "ChessBase"]
[SourceDate "2006.11.23"]
[SourceVersion "1"]
[SourceVersionDate "2006.11.23"]
[SourceQuality "1"]

1. e4 c6 2. d4 d5 3. Nd2 dxe4 4. Nxe4 Bf5 5. Ng3 Bg6 6. Nf3 Nf6 7. Bc4 e6 8. c3 Nbd7 9. h4 h6 10. h5 Bh7 11. Qe2 Qc7 12. Bd3 Bxd3 13. Qxd3 Bd6 14. Ne2 0-0-0 15. b4 e5 16. Qf5 Rhe8 17. dxe5 Bxe5 18. 0-0 g6 19. hxg6 fxg6 20. Qc2 Kb8 21. Nxe5 Nxe5 22. Bf4 g5 23. Bg3 Ka8 24. Rad1 Rxd1 25. Rxd1 Qe7 26. Qf5 Neg4 27. Qd3 a6 28. Nd4 Nd5 29. Rf1 Qd7 30. Nb3 Qf7 31. Nc5 Ne5 32. Bxe5 Rxe5 33. c4 Nf4 34. Qd8+ Ka7 35. g3 Nh3+ 36. Kg2 g4 37. Nd7 Re8 38. Qb6+ Ka8 39. Qd4 Re2 40. Ne5 Rxa2 41. Qxg4 Rxf2+ 42. Kxh3 Rh2+ 43. Kxh2 Qxf1 44. Qf4 Qe2+ 45. Kh3 1/2-1/2

[Event "Regionalliga NW 0405"]
[Site "Bayern"]
[Date "2005.04.10"]
[Round "9.8"]
[White "Ziegler, Johannes"]
[Black "Christ, Rene"]
[Result "1-0"]
[WhiteElo "1640"]
[BlackElo "1776"]
[PlyCount "91"]
[EventDate "2004.10.24"]
[EventType "team-tourn"]
[EventRounds "9"]
[EventCountry "GER"]
[SourceTitle "EXT 2007"]
[Source "ChessBase"]
[SourceDate "2006.11.23"]
[SourceVersion "1"]
[SourceVersionDate "2006.11.23"]
[SourceQuality "1"]
[WhiteTeam "Wuerzburg II"]
[BlackTeam "Sailauf"]
[WhiteTeamCountry "GER"]
[BlackTeamCountry "GER"]

1. d4 Nf6 2. Nf3 d5 3. e3 e6 4. Bd3 Nbd7 5. Nbd2 Bd6 6. e4 dxe4 7. Nxe4 Nxe4 8. Bxe4 Nf6 9. Bd3 0-0 10. 0-0 b6 11. Bg5 Bb7 12. Qe2 Be7 13. Rad1 h6 14. Bf4 Rc8 15. Rfe1 Qd5 16. Be5 Qd8 17. Ba6 Bxa6 18. Qxa6 Bd6 19. c4 Qe7 20. Qa4 Rfd8 21. a3 Nd7 22. Qxa7 Ra8 23. Qb7 Ra5 24. Qe4 Ra4 25. Qc2 Rda8 26. d5 Bxe5 27. Nxe5 exd5 28. Nxd7 Qxd7 29. Rxd5 Qc6 30. Red1 g6 31. Rd8+ Rxd8 32. Rxd8+ Kg7 33. Qc3+ Qf6 34. Rg8+ Kxg8 35. Qxf6 Rxc4 36. g3 h5 37. Kf1 Rc5 38. b4 Rc2 39. Ke1 Kf8 40. Kd1 Rc4 41. Kd2 b5 42. h3 Ke8 43. f3 Kf8 44. f4 c5 45. bxc5 Ke8 46. Qc6+ 1-0

[Event "Unterfranken-ch HT 54th"]
[Site "Moembris"]
[Date "2003.04.26"]
[Round "9"]
[White "Ziegler, Johannes"]
[Black "Nahler, Michael"]
[Result "1-0"]
[WhiteElo "1651"]
[BlackElo "1726"]
[PlyCount "154"]
[EventDate "2003.04.21"]
[EventType "swiss"]
[EventRounds "9"]
[EventCountry "GER"]
[SourceTitle "EXT 2015"]
[Source "ChessBase"]
[SourceDate "2014.11.20"]
[SourceVersion "1"]
[SourceVersionDate "2014.11.20"]
[SourceQuality "1"]

1. d4 d5 2. Nf3 Nf6 3. e3 e6 4. Bd3 Be7 5. 0-0 0-0 6. Nbd2 c5 7. c3 Nc6 8. dxc5 Bxc5 9. e4 e5 10. exd5 Qxd5 11. Bc4 Qd6 12. Nb3 Bg4 13. Nxc5 Qxc5 14. Be2 Rad8 15. Qc2 Nd4 16. Nxd4 exd4 17. Bd3 dxc3 18. bxc3 Qd5 19. Be2 Rfe8 20. Be3 Bxe2 21. Qxe2 Qe4 22. h3 Nd5 23. Rfe1 Nxe3 24. fxe3 Rd3 25. Qb2 Rxe3 26. Rxe3 Qxe3+ 27. Kh1 b6 28. Qa3 a5 29. Qb3 g6 30. Rf1 Qe6 31. c4 Rd8 32. Qc3 h5 33. Rf6 Qe7 34. Qf3 Qc7 35. Rc6 Rd1+ 36. Qxd1 Qxc6 37. Qb3 Qe6 38. a3 Qe1+ 39. Kh2 Qe5+ 40. Kh1 Qe1+ 41. Kh2 Qe5+ 42. Kh1 Qe6 43. Qd3 Kh7 44. Qc3 Qc6 45. Qb3 Qc5 46. Qa4 Kh6 47. Kh2 f5 48. Qe8 Qd6+ 49. Kh1 Qf6 50. a4 f4 51. Qe4 Qd6 52. h4 Qf6 53. Qe1 Kg7 54. Kh2 Kf7 55. Qf2 Kg7 56. Qe1 f3 57. gxf3 Qxf3 58. Qe5+ Qf6 59. Qe4 Qd6+ 60. Kh3 Qa3+ 61. Kh2 Qb2+ 62. Kh1 Qf6 63. Kg2 Qb2+ 64. Kh1 Qc1+ 65. Kg2 Qd2+ 66. Kg1 Qd1+ 67. Kg2 Qg4+ 68. Qxg4 hxg4 69. Kg3 Kh7 70. Kf4 Kg7 71. Kg3 g5 72. hxg5 Kf7 73. Kxg4 Kg6 74. Kf4 Kg7 75. Kf5 Kf7 76. g6+ Kg7 77. Kg5 Kg8 1-0

[Event "Unterfranken-ch HT 54th"]
[Site "Moembris"]
[Date "2003.04.23"]
[Round "5"]
[White "Ziegler, Johannes"]
[Black "Werner, Stefan1"]
[Result "0-1"]
[WhiteElo "1651"]
[BlackElo "1757"]
[PlyCount "74"]
[EventDate "2003.04.21"]
[EventType "swiss"]
[EventRounds "9"]
[EventCountry "GER"]
[SourceTitle "EXT 2015"]
[Source "ChessBase"]
[SourceDate "2014.11.20"]
[SourceVersion "1"]
[SourceVersionDate "2014.11.20"]
[SourceQuality "1"]

1. d4 Nf6 2. Nf3 g6 3. Nbd2 Bg7 4. e4 d6 5. Bd3 Nbd7 6. c3 b6 7. 0-0 Bb7 8. Qe2 0-0 9. Re1 e5 10. dxe5 dxe5 11. Nc4 Re8 12. Bg5 h6 13. Bxf6 Qxf6 14. Rad1 Rad8 15. Bc2 Ba6 16. b4 c5 17. Bb3 Nf8 18. Qe3 b5 19. Nb2 c4 20. Bc2 Qe7 21. a4 Qc7 22. Rxd8 Rxd8 23. Ra1 Rd7 24. axb5 Bxb5 25. Nd2 a6 26. Qe2 Ne6 27. Ndxc4 Nf4 28. Qf1 Rd2 29. Rc1 Ne2+ 30. Kh1 Bxc4 31. Qe1 Rd8 32. Ra1 Nf4 33. g3 Ne6 34. Bd1 h5 35. h3 Bh6 36. Kg2 Bd2 37. Qg1 Bxc3 0-1

[Event "Unterfranken-ch HT 52th"]
[Site "Massbach"]
[Date "2001.??.??"]
[Round "?"]
[White "Heuberger, Josef"]
[Black "Ziegler, Johannes"]
[Result "1-0"]
[WhiteElo "1569"]
[BlackElo "1378"]
[PlyCount "90"]
[EventDate "2001.04.16"]
[EventType "swiss"]
[EventRounds "9"]
[EventCountry "GER"]
[SourceTitle "EXT 2015"]
[Source "ChessBase"]
[SourceDate "2014.11.20"]
[SourceVersion "1"]
[SourceVersionDate "2014.11.20"]
[SourceQuality "1"]

1. d4 Nf6 2. c4 c5 3. Nf3 e6 4. e3 d5 5. Nc3 Nc6 6. Be2 dxc4 7. Bxc4 cxd4 8. exd4 Be7 9. 0-0 0-0 10. a3 a6 11. Ba2 Qc7 12. Be3 Rd8 13. Qc2 b5 14. b4 Bb7 15. Rac1 Rd7 16. Rfd1 Rad8 17. Qe2 Ng4 18. h3 Nxe3 19. fxe3 Qg3 20. Qf2 Qxf2+ 21. Kxf2 Bf6 22. Rf1 Rc8 23. Ne4 Be7 24. Nc5 Bxc5 25. Rxc5 Re8 26. Kg1 e5 27. d5 Ne7 28. e4 Ng6 29. g3 f6 30. Rfc1 Kf8 31. Kf2 Ree7 32. Ke3 Nh8 33. Nh4 g6 34. Rf1 Kg8 35. Bb3 Nf7 36. Nf3 Nd6 37. Nd2 Rc7 38. Rfc1 Rcd7 39. Bd1 h5 40. Be2 Rf7 41. Rf1 Rf8 42. Nb3 Rfd8 43. Rc2 Kf7 44. Nc5 Rc7 45. Bd3 Kg7 1-0